Name All Landlocked Countries - Statistics

General Stats
  • This quiz has been taken 72 times
  • The average score is 41 of 45
Answer Stats
Starting Letter Country % Correct
K Kazakhstan
97%
V Vatican City
97%
A Afghanistan
95%
L Lesotho
95%
A Andorra
94%
A Austria
94%
B Bolivia
94%
H Hungary
94%
L Liechtenstein
94%
U Uganda
94%
U Uzbekistan
94%
Z Zambia
94%
C Chad
92%
E Eswatini
92%
K Kyrgyzstan
92%
P Paraguay
92%
R Rwanda
92%
T Tajikistan
92%
Z Zimbabwe
92%
C Czechia
91%
L Laos
91%
S Switzerland
91%
T Turkmenistan
91%
B Burkina Faso
89%
B Burundi
89%
C Central African Republic
89%
K Kosovo
89%
L Luxembourg
89%
M Mali
89%
N Nepal
89%
N Niger
89%
N North Macedonia
89%
S San Marino
89%
S Slovakia
89%
A Azerbaijan
88%
E Ethiopia
88%
M Mongolia
88%
S Serbia
88%
S South Sudan
88%
A Armenia
86%
B Bhutan
86%
B Belarus
81%
B Botswana
81%
M Malawi
80%
M Moldova
77%
No matching quizzes found
Score Distribution
Percent of People with Each Score
Percentile by Number Answered
Your Score History
You have not taken this quiz